000 00257nam a2200097Ia 4500
001 688840
005 20250826161623.0
008 250824s9999 xx 000 0 und d
245 0 _aİLKLER VE ENTERESAN HİKAYELERİ
_cÇİĞDEM CAN
260 _bTİMAŞ YAYINLARI
999 _c688840
_d688840